Statistics for FORMULA 1 - No. 1 Pole Sitters Top 20 - All Time

Click here to take the quiz!

General Stats

  • This quiz has been taken 629 times
    (127 since last reset)
  • The average score is 16 of 20

Answer Stats

HintAnswer% Correct
UK - 104 / 331 = 31.5 %Lewis Hamilton
100%
BRA - 65/162 = 40.1%Ayrton Senna
99%
Neth.- 31/184 = 16.8 %Max Verstappen
99%
GER - 68/308 = 22.0%Michael Schumacher
98%
FRA - 33/202 = 16.3%Alain Prost
97%
GER - 57/300 = 19.0 %Sebastian Vettel
97%
SPA - 22/304 = 7.2%Fernando Alonso
94%
ARG - 29/53 = 54.7%Juan Fangio
89%
AUT - 24/177 = 13.6%Niki Lauda
89%
FIN - 26/165 = 15.8%Mika Hakkinen
87%
FIN - 17/284 = 6.0%Kimi Raikkonen
85%
UK - 20/122 = 16.4%Damon Hill
81%
BRA - 24/207 = 11.6%Nelson Piquet
79%
UK - 32/191 = 16.8%Nigel Mansell
75%
USA - 18/131 = 13.6%Mario Andretti
72%
BRA - 16/272 = 5.9%Felipe Massa
70%
UK - 33/73 = 45.2%Jim Clark
67%
UK - 17/100 = 17%Jackie Stewart
64%
UK - 16/67 = 23.9%Stirling Moss
54%
FRA - 18/165 = 10.9%Rene Arnoux
47%

Score Distribution

Percentile by Number Answered

Percent of People with Each Score

Your Score History

You have not taken this quiz since the last reset